| 000 | 00529nam a2200133Ia 4500 | ||
|---|---|---|---|
| 008 | 171207s9999 xx 000 0 und d | ||
| 100 | _aTowler, Alice | ||
| 245 | _aEvaluating the feature comparison strategy for forensic face identification. | ||
| 245 | _cTowler, Alice; White, David; Kemp, Richard I. | ||
| 260 | _c2017 | ||
| 300 | _apages 47-58, March 2017 | ||
| 440 |
_aJournal of Experimental Psychology: Applied _v23:1 |
||
| 650 | _aFACE RECOGNITION, UNFACE FACE MATCHING, PERSON IDENTIFICATION, EXPERTISE, FORENSIC SCIENCE | ||
| 999 |
_c347474 _d347474 |
||